Szczegóły MARC21

Globalna gospodarka i globalny kryzys /

005 -DATA I CZAS OSTATNIEJ MODYFIKACJI [,]
    • @
    • pole kontrolne
    • 20090626114733.0
020 -Międzynarod. znormalizowany nr książki - ISBN [ , ]
    • a
    • Numer ISBN
    • 9788376410340 Find
040 -Instytucja sporządzająca opis [ , ]
    • a
    • Instytucja, która sporządziła opis (NP)
    • SZCZ U/DL
    • c
    • Instytucja, która sporządziła rekord (NP)
    • SZCZ U/DL
    • d
    • Instytucja, która zmodyfikowała rekord (P)
    • SZCZ U/AP
041 -Język dokumentu [0, ]
    • a
    • Język tekstu (P)
    • polski
044 -Kraj miejsca wydania [ , ]
    • a
    • Kraj miejsca wydania
    • Polska
942 -Rodzaj dokumentu [ , ]
    • c
    • Rodzaj dokumentu
    • Książka
100 -Hasło główne - nazwa osobowa [1, ]
    • a
    • Nazwa osobowa (NP)
    • Kaczmarek, Tadeusz Teofil
    • d
    • Daty biograficzne (NP)
    • (1936- ).
    • 9
    • KHW
    • 19313
245 -Strefa tytułu i oznaczenia odpowiedzialności [1,0]
    • a
    • Tytuł
    • Globalna gospodarka i globalny kryzys / Find
    • c
    • Pozostałe elementy strefy tytułu i oznaczenia odpowiedzialności (NP)
    • Tadeusz Teofil Kaczmarek.
260 -Strefa adresu wydawniczego [ , ]
    • a
    • Miejsce wydania (P)
    • Warszawa :
    • b
    • Nazwa wydawcy (P)
    • Difin,
    • c
    • Data wydania (P)
    • 2009.
300 -Strefa opisu fizycznego [ , ]
    • a
    • Określenie formy książki i/lub objętość (NP)
    • 197 s. :
    • b
    • Oznaczenie ilustracji (NP)
    • il. ;
    • c
    • Format (NP)
    • 23 cm.
504 -Uwaga dot. bibliogr. załącznikowej [ , ]
    • a
    • Uwaga dot. bibliografii załącznikowej
    • Bibliogr.
080 -Uniwersalna Klasyfikacja Dziesiętna [ , ]
    • 2
    • Identyfikator wydania tablic
    • UDC-P058
    • a
    • Symbol klasyfikacji
    • 005.44
    • b
    • Dopowiedzenie
    • Zarządzanie. Globalizacja. Zarządzanie międzynarodowe.
    • x
    • Poddział wspólny
    • (100)
    • b
    • Dopowiedzenie
    • (Aspekt międzynarodowy. Wszystkie kraje. Świat).
    • x
    • Poddział wspólny
    • "200"
    • b
    • Dopowiedzenie
    • 1 dekada XXI wieku.
080 -Uniwersalna Klasyfikacja Dziesiętna [ , ]
    • 2
    • Identyfikator wydania tablic
    • UDC-P058
    • a
    • Symbol klasyfikacji
    • 338.124
    • b
    • Dopowiedzenie
    • Spadek koniunktury. Recesja. Kryzys.
    • x
    • Poddział wspólny
    • (100)
    • b
    • Dopowiedzenie
    • (Aspekt międzynarodowy. Wszystkie kraje. Świat).
    • x
    • Poddział wspólny
    • "200"
    • b
    • Dopowiedzenie
    • 1 dekada XXI wieku.
080 -Uniwersalna Klasyfikacja Dziesiętna [ , ]
    • 2
    • Identyfikator wydania tablic
    • UDC-P058
    • a
    • Symbol klasyfikacji
    • 339
    • b
    • Dopowiedzenie
    • Handel. Międzynarodowe stosunki gospodarcze. Gospodarka światowa.
    • x
    • Poddział wspólny
    • (100)
    • b
    • Dopowiedzenie
    • (Aspekt międzynarodowy. Wszystkie kraje. Świat).
    • x
    • Poddział wspólny
    • "200"
    • b
    • Dopowiedzenie
    • 1 dekada XXI wieku.
980 -Symbol UKD [ , ]
    • a
    • UKD
    • 005.44:338.124:339](100)"200"
920 -ISBN [ , ]
    • a
    • ISBN
    • 978-83-7641-034-0 Find
Status udost. Numer inwentarzowy Sygnatura Lokalizacja Data inwentaryzacji
-3GW.7402339GW2016-03-22
-2T.10531T.10531T2009-05-11
-2TM.6852TM.6852T2009-10-12
-3TM.8192TM.8192T2012-03-15